Erfindungen aus Deutschland - Statistiken

Allgemein
  • Dieses Quiz wurde 1.053 mal gespielt
    563 seit der letzten Aktualisierung
  • Das Durchschnittsergebnis liegt bei 13 aus 20
Antwortstatistiken
Bildquiz Hint Antwort % Korrekt
1894 - Otto Lilienthal Gleitflugzeug
95%
1922 - Hans Riegel Goldbären
95%
1886 - Gottlieb Daimler Automobil
94%
1440 - Johannes Gutenberg Buchdruck
94%
1854 - Heinrich Göbel Glühlampe
93%
1885 - Gottlieb Daimler Motorrad
91%
1915 - Albert Einstein Relativitätstheorie
87%
1866 - Werner von Siemens Dynamo
84%
1895 - Wilhelm Conrad Röntgen Röntgenstrahlung
84%
1879 - Werner von Siemens Straßenbahn
75%
1938 - Konrad Zuse Computer
60%
1870 - Robert Koch Bakteriologie
58%
1516 - Herzog Wilhelm IV. von Bayern Reinheitsgebot
51%
1864 - Lothar Meyer Periodensystem
49%
ca. 1925 - Oskar Barnack Kleinbildkamera
48%
1897 - Felix Hoffmann Aspirin
37%
1859 - Johann Philipp Reis Telefon
32%
1968 - Jürgen Dethloff & Helmut Gröttrup Chipkarte
19%
1930 - Manfred von Ardenne Fernsehen
17%
1938 - Otto Hahn Kernspaltung
15%
Keine übereinstimmenden Quizze gefunden
Verteilung der Resultate
Anzahl Personen mit jedem Resultat
Perzentil nach korrekt beantworteten Fragen
Ihre Resultats-Entwicklung
Sie haben dieses Quiz seit der letzten Aktualisierung nicht gespielt